000 00256nam a22000977a 4500
008 170124b xxu||||| |||| 00| 0 eng d
041 _aeng
080 _22ND
_a618.2
245 _aNURSING'S SOCIAL POLICY STATEMENT
_cAMERICAN NURSES ASSOCIATION
942 _2udc
_cBK
999 _c3554
_d3554